| 000 | 00864nam a2200253Ia 4500 | ||
|---|---|---|---|
| 003 | GCL | ||
| 005 | 20240530102340.0 | ||
| 008 | 140319s9999 xx 000 0 ara d | ||
| 040 |
_aGCL / _cGCL |
||
| 082 | 0 | 4 |
_a953.0736 _bق/ب س |
| 100 | 1 | _aمحمد كرد على | |
| 245 | 1 | 0 |
_aسيرة احمد بن طولون / _cمحمد كرد على |
| 260 |
_aالقاهرة : _bالمركز الاسلامى للطباعة و النشر |
||
| 300 |
_a400 ص ؛ _c24 سم |
||
| 650 | 0 | 4 | _aمصر |
| 650 | 0 | 4 | _aتاريخ |
| 650 | 0 | 4 | _aالاحوال الاجتماعية |
| 650 | 0 | 4 | _aالاحوال السياسية |
| 650 | 0 | 4 | _aالاثار الاسلامية |
| 650 | 0 | 4 | _aالدولة الطولونية |
| 650 | 0 | 4 | _aالعصر الطولونى (868 - 905م) |
| 700 | 1 | _aالبلوى، ابى عبدالله بن محمد الى | |
| 942 |
_2ddc _cBK |
||
| 999 |
_c31612 _d31612 |
||